| 000 | 00493nam a2200181Ia 4500 | ||
|---|---|---|---|
| 005 | 20250508150818.0 | ||
| 008 | 008 250505s9999 xx 000 0 eng d | ||
| 037 | _aBooks to be hide in OPAC | ||
| 040 |
_aFEDL _beng _cFEDL |
||
| 041 |
_aeng _2eng |
||
| 084 |
_a736.4, DUR/O _qFEDL |
||
| 100 |
_aDurst Alan _9757706 |
||
| 245 | 0 | _aWood carving | |
| 260 |
_aLondon, UK _bStudio Publications _c1938 |
||
| 300 | _a80p. | ||
| 942 |
_cHB _h736.4, DUR/O |
||
| 999 |
_c1325807 _d1325807 |
||